| 000 | 01876cam a22004098i 4500 | ||
|---|---|---|---|
| 001 | 21078585 | ||
| 003 | OSt | ||
| 005 | 20260401092634.0 | ||
| 008 | 190715s2020 enk b 001 0 eng | ||
| 010 | _a 2019027840 | ||
| 020 |
_a9781138482210 _q(hardback) |
||
| 020 |
_a9781138482234 _q(paperback) |
||
| 020 |
_z9781351058513 _q(ebook) |
||
| 035 | _a21078585 | ||
| 040 |
_aDLC _beng _erda _cDLC |
||
| 042 | _apcc | ||
| 050 | 0 | 0 | _a158.1 EYS |
| 082 | 0 | 0 |
_a158.1 EYS _223 |
| 100 | 1 |
_aEysenck, Michael W., _eauthor. _935082 |
|
| 245 | 1 | 0 |
_aCognitive psychology : _ba student's handbook / _cMichael W. Eysenck, Mark T. Keane. |
| 250 | _aEighth edition. | ||
| 263 | _a1911 | ||
| 264 | 1 |
_aMilton Park, Abingdon, Oxon ; _aNew York, NY : _bRoutledge, _c2020. |
|
| 300 | _apages cm | ||
| 336 |
_atext _btxt _2rdacontent |
||
| 337 |
_aunmediated _bn _2rdamedia |
||
| 338 |
_avolume _bnc _2rdacarrier |
||
| 504 | _aIncludes bibliographical references and index. | ||
| 520 |
_a"The fully updated eighth edition of Cognitive Psychology: A Student's Handbook provides comprehensive yet accessible coverage of all the key areas in the field ranging from visual perception and attention, through to memory and language. Each chapter is complete with key definitions, practical real-life applications, chapter summaries and suggested further reading to help students develop an understanding of this fascinating but complex field"-- _cProvided by publisher. |
||
| 650 | 0 | _aCognition. | |
| 650 | 0 |
_aCognitive psychology. _935083 |
|
| 700 | 1 |
_aKeane, Mark T., _d1961- _eauthor. _935084 |
|
| 776 | 0 | 8 |
_iOnline version: _aEysenck, Michael W., _tCognitive psychology _b8. _dMilton Park, Abingdon, Oxon ; New York, NY : Routledge, 2020. _z9781351058513 _w(DLC) 2019027841 |
| 906 |
_a7 _bcbc _corignew _d1 _eecip _f20 _gy-gencatlg |
||
| 942 |
_2ddc _cBK |
||
| 999 |
_c7845 _d7845 |
||